Contributions to probability : a collection of papers dedicated to Eugene Lukacs /
Guardado en:
| Otros Autores: | , , |
|---|---|
| Formato: | Libro |
| Idioma: | English |
| Publicado: |
New York :
Academic Press,
1981.
|
| Materias: | |
| Etiquetas: |
Agregar Etiqueta
Sin Etiquetas, Sea el primero en etiquetar este registro!
|
| LEADER | 03107cam a2200277 a 4500 | ||
|---|---|---|---|
| 001 | MAT.inmabb003151 | ||
| 008 | 801022s1981####nyuc#####b####011#0#eng## | ||
| 005 | 20130225162449.0 | ||
| 245 | 0 | 0 | |a Contributions to probability : |b a collection of papers dedicated to Eugene Lukacs / |c edited by J. Gani, V. K. Rohatgi. |
| 260 | |a New York : |b Academic Press, |c 1981. | ||
| 300 | |a xxi, 311 p. : |b retr. ; |c 24 cm. | ||
| 504 | |a "Eugene Lukas: bibliography": p. 307-311. | ||
| 504 | |a Incluye referencias bibliográficas. | ||
| 505 | 0 | |a Part I. Probability: Paul Erdös and Melvyn B. Nathanson, Lagrange's theorem and thin subsequences of squares -- D. A. Kappos, A kind of random (= stochastic) integral -- H.-J. Rossberg, B. Jesiak and G. Siegel, Continuation of distribution functions -- Lajos Takács, The arc sine law of Paul Lévy -- Harald Bergström, General limit theorems for products with applications to convolution products of measures -- P. L. Butzer, L. Hahn and M. Th. Roeckerath, Stable limit law and weak law of large numbers for Hilbert space with "large-$ scr O$" rates -- Roger Cuppens, The arithmetic of distribution functions -- Carl-Gustav Esseen, On the tails of a class of infinitely divisible distributions -- R. G. Laha and V. K. Rohatgi, Fourier transform methods in the study of limit theorems in a Hilbert space -- M. Rosenblatt, Polynomials in Gaussian variables and infinite divisibility? -- M. Csörgö and P. Révész, On the nondifferentiability of the Wiener sheet -- J. Gani and R. Morton, The degree of vertices on a randomly growing tree -- Tatsuo Kawata, Uniform convergence of random trigonometric series and sample continuity of weakly stationary processes -- Michel Métivier, Stochastic equations driven by random measures and semimartingales. | |
| 505 | 0 | |a Part II. Applications of probability: J. Aczél, Derivations and information functions (a tale of two surprises and a half) -- L. A. Shepp and I. Olkin, Entropy of the sum of independent Bernoulli random variables and of the multinomial distribution -- István Vincze, On the concept and measure of information contained in an observation -- Sándor Csörgö, The empirical characteristic process when parameters are estimated -- M. Deistler and G. Tintner, Identifiability -- Daniel Dugué, On a multivariate extension of the Behrens-Fisher law -- B. Gyires, Constant regression of quadratic statistics on the sum of random variables defined on a Markov chain -- Madan L. Puri and Lanh T. Tran, Invariance principles for rank statistics for testing independence -- V. M. Zolotarev, Integral transformations of distributions and estimates of parameters of multidimensional spherically symmetric stable laws. | |
| 510 | 4 | |a MR, |c 82f:60005 | |
| 020 | |a 0122744608 | ||
| 700 | 1 | |a Lukacs, Eugene, |d 1906-1987. | |
| 700 | 1 | |a Gani, J. M. |q (Joseph Mark) |4 edt | |
| 700 | 1 | |a Rohatgi, V. K., |d 1939- |4 edt | |
| 650 | 0 | |a Probabilities |x Addresses, essays, lectures. | |
| 600 | 1 | 0 | |a Lukacs, Eugene. |
| 084 | |a 60-06 (62-06) |2 msc2000 | ||
| 010 | |a 80026103 | ||
| 040 | |a DLC |c DLC |d DLC | ||
| 859 | |h 60 |i C764 |p A-6034 |b BIB. MATEMATICA | ||
